Explosives Act 1957 (Act 207) & Explosive Rules 1923 and Corrosive And Explosive Substances and Offensive Weapons Ordinance 1958 (Act 357) : (Record no. 4402)

000 -LEADER
fixed length control field nam a22 a 4500
003 - CONTROL NUMBER IDENTIFIER
control field AKMAL
005 - DATE AND TIME OF LATEST TRANSACTION
control field 20170529162726.0
008 - FIXED-LENGTH DATA ELEMENTS--GENERAL INFORMATION
fixed length control field 170529s1995 my | g l 000 0 eng d
020 ## - INTERNATIONAL STANDARD BOOK NUMBER
International Standard Book Number 9678907186 (pbk.) :
Terms of availability RM15.00
040 ## - CATALOGING SOURCE
Transcribing agency AKMAL
082 04 - DEWEY DECIMAL CLASSIFICATION NUMBER
Classification number 344.5950533 EXP
Edition number 22
090 00 - LOCALLY ASSIGNED LC-TYPE CALL NUMBER (OCLC); LOCAL CALL NUMBER (RLIN)
Classification number (OCLC) (R) ; Classification number, CALL (RLIN) (NR) 344.5950533
Local cutter number (OCLC) ; Book number/undivided call number, CALL (RLIN) EXP
110 1# - MAIN ENTRY--CORPORATE NAME
Corporate name or jurisdiction name as entry element Malaysia
9 (RLIN) 400
245 10 - TITLE STATEMENT
Title Explosives Act 1957 (Act 207) & Explosive Rules 1923 and Corrosive And Explosive Substances and Offensive Weapons Ordinance 1958 (Act 357) :
Remainder of title (as at 31st October 1995) /
Statement of responsibility, etc. compiled Legal Research Board
246 3# - VARYING FORM OF TITLE
Title proper/short title Corrosive And Explosive Substances and Offensive Weapons Ordinance 1958 (Act 357)
260 ## - PUBLICATION, DISTRIBUTION, ETC.
Place of publication, distribution, etc. Kuala Lumpur :
Name of publisher, distributor, etc. International Law Book Services,
Date of publication, distribution, etc. 1995
300 ## - PHYSICAL DESCRIPTION
Extent ii, 78p. ;
Dimensions 24cm.
490 1# - SERIES STATEMENT
Series statement Laws of Malaysia
650 10 - SUBJECT ADDED ENTRY--TOPICAL TERM
Topical term or geographic name entry element Explosives
General subdivision Law and legislation
Geographic subdivision Malaysia
9 (RLIN) 8570
710 2# - ADDED ENTRY--CORPORATE NAME
Corporate name or jurisdiction name as entry element Legal Research Board
9 (RLIN) 3922
830 #0 - SERIES ADDED ENTRY--UNIFORM TITLE
Uniform title Laws of Malaysia
9 (RLIN) 1830
942 ## - ADDED ENTRY ELEMENTS (KOHA)
Source of classification or shelving scheme
Koha item type Book
Holdings
Withdrawn status Lost status Source of classification or shelving scheme Damaged status Not for loan Collection code Home library Current library Shelving location Date acquired Inventory number Full call number Barcode Date last seen Price effective from Koha item type Public note
          NON-FICTION AKMAL Melaka AKMAL Melaka PINJAMAN 29.05.2017 002948 344.5950533 EXP 201707041 29.05.2017 29.05.2017 Book Dilupuskan.
Pusat Sumber Maklumat Dato' Haji Sarmin Md Hussin, Akademi Kastam Diraja Malaysia, Melaka
Tel: 06-2331106 | Faks: 06-2313787